000 01301nam a22003737a 4500
003 CHAP
005 20220817044040.0
008 050919d1993 es r 00110 spa d
010 _a90929
011 _a91901
020 _a8432307823
035 _a102464
040 _cCHAP
082 0 4 _a649.65
_bN5
100 0 0 _aNieto Piñeroba, José Antonio.
_981278
245 1 0 _aSexualidad y deseo :
_bcrítica antropológica de la cultura
_c/por José Antonio Nieto Piñeroba
260 _aMadrid :
_bSiglo XXI,
_c1993
300 _a227 p.
590 _aBATCH-UPD
_b10
_c20130110
_lUCH01
_h0620
590 _aBATCH-UPD
_b10
_c20130410
_lUCH01
_h0303
590 _aBATCH-UPD
_b10
_c20130914
_lUCH01
_h1127
590 _aCONVERSION
_b10
_c20130109
_lUCH01
_h1350
650 1 4 _aCultura.
_930401
650 1 4 _aEcología humana.
650 1 4 _aEducación sexual.
_935598
650 1 4 _aSexualidad humana.
_9105427
650 1 4 _aSIDA (Enfermedad)
_9105806
901 _aBK
905 _aElisama A. H.
942 _cLIBRO
949 _a649.65 N5
_bBC
_cLIBRO
_d33724000971925
_eLIBRO
_gI.c/e
_h106711
_i102464
_si
_t$198.00
949 _a649.65 N5
_bBC
_cLIBRO
_d33724000971974
_eLIBRO
_fc.3
_gI.c/e
_h106713
_i102464
_si
_t$198.00
949 _a649.65 N5
_bBC
_cLIBRO
_d33724000971982
_eLIBRO
_fc.2
_gI.c/e
_h106712
_i102464
_si
_t$198.00
999 _c90929
_d90929